Estadísticas para Países más cercanos a Togo - sprint de un minuto

Haz click aquí para intentar la prueba.

Estadísticas generales

  • Esta prueba ha sido intentada 23 veces
  • La puntuación promedio es 14 de 20

Estadísticas de respuestas

kmpaís% Correcto
0Benín
95%
875Guinea
86%
191Níger
86%
0Ghana
81%
101Nigeria
81%
1355Congo
76%
393Malí
76%
757Mauritania
76%
0Burkina Faso
71%
763Camerún
71%
1359Chad
71%
886Liberia
71%
1231Senegal
71%
1160Sierra Leona
71%
319Côte d'Ivoire
67%
1395República
Centroafricana
62%
1044Gabón
48%
925Argelia
43%
801Guinea Ecuatorial
43%
803Santo Tomé y Príncipe
43%

Distribución de puntuación

Porcentaje por número respondido

Porcentaje de gente con cada puntuación

Historial de tus puntuaciones

No has intentado esta prueba.